COMMUNICATING FOR SUCCESS (Record no. 84808)
[ view plain ]
| 000 -LEADER | |
|---|---|
| fixed length control field | 00233nam a2200097Ia 4500 |
| 050 ## - LIBRARY OF CONGRESS CALL NUMBER | |
| Classification number | HF5718.C66 2006 |
| 100 ## - MAIN ENTRY--PERSONAL NAME | |
| Personal name | JANET S.HYDEN |
| 245 #0 - TITLE STATEMENT | |
| Title | COMMUNICATING FOR SUCCESS |
| 942 ## - ADDED ENTRY ELEMENTS (KOHA) | |
| Koha item type | Long Loan Book |
| Withdrawn status | Lost status | Source of classification or shelving scheme | Damaged status | Not for loan | Collection | Home library | Current library | Date acquired | Inventory number | Total checkouts | Full call number | Barcode | Date last seen | Copy number | Price effective from | Koha item type |
|---|---|---|---|---|---|---|---|---|---|---|---|---|---|---|---|---|
| Library of Congress Classification | Business & Economics | Kisii University Library | Kisii University Library | 06/08/2025 | 79278 | HF 5718 C66 2006 | 000000018337 | 09/15/2023 | C.4 | 06/08/2025 | Long Loan Book |